[Event "Calvia Amateur op 20th"]
[Site "Calvia"]
[Date "2023.10.12"]
[Round "6"]
[White "Stubbs, Oliver"]
[Black "Stanford, Sheila Barth"]
[Result "1/2-1/2"]
[WhiteElo "2077"]
[BlackElo "2090"]
[PlyCount "56"]
[EventDate "2023.10.07"]
[EventType "swiss"]
[EventRounds "9"]
[EventCountry "ESP"]
[SourceTitle "Mega2024 Update 01"]
[Source "Chessbase"]
[SourceDate "2023.11.12"]
[SourceVersion "1"]
[SourceVersionDate "2023.11.12"]
[SourceQuality "1"]

1. d4 d5 2. Nf3 Nf6 3. Bf4 e6 4. e3 c5 5. Nbd2 Nc6 6. c3 Nh5 7. Bg5 f6 8. Bh4 cxd4 9. cxd4 g6 10. Be2 Bd6 11. Ne5 Ng7 12. Bb5 0-0 13. Nxc6 bxc6 14. Bxc6 Rb8 15. 0-0 Nf5 16. Bg3 Nxg3 17. hxg3 Rxb2 18. Nb3 Ba6 19. Re1 Bb4 20. Qc1 Bxe1 21. Qxb2 Bb4 22. Rc1 Bc4 23. Nd2 Bxd2 24. Qxd2 Qb6 25. Ba4 Rb8 26. Qc2 Qb2 27. Qxb2 Rxb2 28. Bb3 Bxb3 1/2-1/2

[Event "Calvia Amateur op 20th"]
[Site "Calvia"]
[Date "2023.10.09"]
[Round "3"]
[White "Stubbs, Oliver"]
[Black "Massanet Massanet, Sebastian"]
[Result "1-0"]
[WhiteElo "2077"]
[BlackElo "2187"]
[PlyCount "77"]
[EventDate "2023.10.07"]
[EventType "swiss"]
[EventRounds "9"]
[EventCountry "ESP"]
[SourceTitle "Mega2024 Update 01"]
[Source "Chessbase"]
[SourceDate "2023.11.12"]
[SourceVersion "1"]
[SourceVersionDate "2023.11.12"]
[SourceQuality "1"]

1. d4 d5 2. Nf3 Nf6 3. Bf4 c5 4. e3 Nc6 5. Nbd2 e6 6. c3 cxd4 7. exd4 Nh5 8. Be3 Bd6 9. Ne5 Nf6 10. f4 Qb6 11. Qb3 Ng8 12. g3 Nge7 13. Bf2 f6 14. Nxc6 bxc6 15. Qc2 a5 16. 0-0-0 Kf7 17. Nb3 a4 18. Nc5 Bxc5 19. dxc5 Qc7 20. Bg2 h6 21. Rde1 Re8 22. Bd4 Nf5 23. Rhf1 Ba6 24. Rf3 Qa5 25. Qd2 Bc4 26. a3 Rab8 27. Bf1 Bxf1 28. Rexf1 Nxd4 29. Qxd4 Rb5 30. Re1 Rxc5 31. Rfe3 Rc4 32. Qd1 d4 33. Re4 e5 34. fxe5 Rxe5 35. Rxe5 fxe5 36. Qh5+ Ke6 37. Qe8+ Kd6 38. Qf8+ Kc7 39. Qf7+ 1-0

[Event "BCF-chT2 2223 (4NCL)"]
[Site "England"]
[Date "2023.04.29"]
[Round "9.62"]
[White "Bremner, Adam"]
[Black "Stubbs, Oliver"]
[Result "1-0"]
[WhiteElo "2161"]
[BlackElo "2195"]
[PlyCount "99"]
[EventDate "2022.10.22"]
[EventType "team-tourn"]
[EventRounds "11"]
[EventCountry "ENG"]
[SourceTitle "EXT 2024"]
[Source "ChessBase"]
[SourceDate "2023.10.10"]
[SourceVersion "1"]
[SourceVersionDate "2023.10.10"]
[SourceQuality "1"]
[WhiteTeam "The Sharks II"]
[BlackTeam "North East England"]
[WhiteTeamCountry "ENG"]
[BlackTeamCountry "ENG"]

1. d4 Nf6 2. c4 g6 3. Nc3 Bg7 4. e4 d6 5. Nf3 0-0 6. Be2 e5 7. 0-0 Na6 8. Be3 Qe7 9. d5 Ng4 10. Bg5 f6 11. Bh4 Nh6 12. Nd2 Nf7 13. Rb1 Nc5 14. b4 Nd7 15. Nb3 b6 16. f3 Bh6 17. Bf2 f5 18. Qc2 a5 19. bxa5 bxa5 20. a4 Nc5 21. Nxc5 dxc5 22. Rb5 Nd6 23. Bxc5 Qg5 24. Rb2 Bd7 25. Bd3 Rab8 26. Rxb8 Rxb8 27. Bf2 fxe4 28. fxe4 Rf8 29. Nd1 Bg4 30. c5 Ne8 31. Be2 Nf6 32. Be3 Qh5 33. Bxh6 Bxe2 34. Bxf8 Bxf1 35. Be7 Bxg2 36. Bxf6 Bf3 37. Ne3 Kf7 38. d6 Kxf6 39. d7 Ke7 40. c6 Qg5+ 41. Kf2 Bh5 42. Qc5+ Kf7 43. Qd5+ Kg7 44. Ng2 Qf6+ 45. Kg1 Be2 46. h4 Qf1+ 47. Kh2 Bf3 48. Qxe5+ Kh6 49. Qg5+ Kg7 50. d8Q 1-0

[Event "UK-ch Blitz"]
[Site "Leamington Spa"]
[Date "2022.12.03"]
[Round "10"]
[White "Gormally, Daniel"]
[Black "Stubbs, Oliver"]
[Result "1-0"]
[WhiteElo "2553"]
[BlackElo "2031"]
[PlyCount "85"]
[EventDate "2022.12.03"]
[EventType "tourn (blitz)"]
[EventRounds "15"]
[EventCountry "ENG"]
[SourceTitle "CBM 211 Extra"]
[Source "ChessBase"]
[SourceDate "2023.01.31"]
[SourceVersion "1"]
[SourceVersionDate "2023.01.31"]
[SourceQuality "1"]

1. d4 Nf6 2. Nf3 g6 3. Bg5 Bg7 4. Nbd2 0-0 5. c3 d6 6. e4 c5 7. dxc5 dxc5 8. Bc4 Nc6 9. 0-0 Qc7 10. Qe2 h6 11. Bh4 Nh5 12. Qe3 Na5 13. Be2 g5 14. Bg3 Nxg3 15. hxg3 Be6 16. Nh2 Rfd8 17. f4 f6 18. e5 gxf4 19. gxf4 fxe5 20. f5 Bf7 21. Ne4 Nc4 22. Bxc4 Bxc4 23. Rf3 Rd3 24. Qxc5 Qxc5+ 25. Nxc5 Rxf3 26. Nxf3 b6 27. Ne4 Rd8 28. b3 Bf7 29. Re1 a5 30. c4 a4 31. Re3 axb3 32. axb3 Rd1+ 33. Kf2 Rb1 34. g4 Bf6 35. Kg3 Kg7 36. Nfd2 Rb2 37. Nxf6 exf6 38. Ne4 h5 39. gxh5 Bxh5 40. Rd3 Be2 41. Rd7+ Kh6 42. Kh4 Rxb3 43. Nxf6 1-0

[Event "UK-ch Blitz"]
[Site "Leamington Spa"]
[Date "2022.12.03"]
[Round "8"]
[White "Pein, Jonathan"]
[Black "Stubbs, Oliver"]
[Result "1-0"]
[WhiteElo "2225"]
[BlackElo "2031"]
[PlyCount "119"]
[EventDate "2022.12.03"]
[EventType "tourn (blitz)"]
[EventRounds "15"]
[EventCountry "ENG"]
[SourceTitle "CBM 211 Extra"]
[Source "ChessBase"]
[SourceDate "2023.01.31"]
[SourceVersion "1"]
[SourceVersionDate "2023.01.31"]
[SourceQuality "1"]

1. e4 e6 2. b3 d5 3. Bb2 Nc6 4. exd5 exd5 5. Nf3 Nf6 6. Qe2+ Be6 7. Ng5 Qe7 8. Nxe6 Qxe6 9. Qxe6+ fxe6 10. Nc3 0-0-0 11. g3 e5 12. Bh3+ Kb8 13. d3 Bc5 14. 0-0 Nd4 15. Na4 Bd6 16. c3 Nc6 17. b4 Rhe8 18. Rfe1 a6 19. Rad1 d4 20. a3 dxc3 21. Bxc3 Nd5 22. Bb2 Nd4 23. Bg2 Nf6 24. Nc3 c6 25. Ne4 Nxe4 26. dxe4 Bc7 27. Bxd4 exd4 28. Rd3 Ka7 29. f4 b6 30. e5 c5 31. Rc1 Rc8 32. bxc5 bxc5 33. Bh3 Rb8 34. Rxc5 Bb6 35. Rd5 Red8 36. Rxd8 Rxd8 37. Kf2 Kb7 38. Kf3 Kc6 39. Ke4 Kc5 40. Be6 g6 41. Rd1 Kb5 42. Rb1+ Ka5 43. Bc4 h5 44. e6 Bc5 45. Rd1 Bxa3 46. Ra1 Kb4 47. Bxa6 Bb2 48. Rd1 Kc3 49. Bb5 Ba3 50. h3 Be7 51. g4 Rb8 52. Bd3 Rb2 53. Rc1+ Kb4 54. Rc4+ Ka5 55. Rxd4 hxg4 56. hxg4 Rg2 57. Kf3 Rg1 58. Bxg6 Bc5 59. Rd5 Kb6 60. Rxc5 1-0

[Event "UK-ch Blitz"]
[Site "Leamington Spa"]
[Date "2022.12.03"]
[Round "14"]
[White "Storey, Charles"]
[Black "Stubbs, Oliver"]
[Result "0-1"]
[WhiteElo "2251"]
[BlackElo "2031"]
[PlyCount "78"]
[EventDate "2022.12.03"]
[EventType "tourn (blitz)"]
[EventRounds "15"]
[EventCountry "ENG"]
[SourceTitle "CBM 211 Extra"]
[Source "ChessBase"]
[SourceDate "2023.01.31"]
[SourceVersion "1"]
[SourceVersionDate "2023.01.31"]
[SourceQuality "1"]

1. c4 Nf6 2. g3 g6 3. Bg2 Bg7 4. Nc3 0-0 5. e4 c5 6. Nge2 Nc6 7. 0-0 d6 8. a3 a6 9. Rb1 Ne8 10. b4 Nc7 11. Nd5 Rb8 12. d3 b5 13. bxc5 dxc5 14. Bf4 e5 15. Be3 Nd4 16. Nxd4 cxd4 17. Bd2 Nxd5 18. cxd5 Re8 19. f4 Bd7 20. Qf3 f5 21. exf5 Bxf5 22. g4 e4 23. dxe4 Bxe4 24. Qb3 Bxb1 25. Qxb1 Kh8 26. f5 Qh4 27. fxg6 Qxg4 28. Bf4 Rbd8 29. Qd3 Qxg6 30. Qh3 Re2 31. Bg3 d3 32. Qh4 Rde8 33. Bf3 R2e3 34. Bh5 Qb6 35. Bf2 d2 36. Qg4 Qh6 37. Bxe8 Rxe8 38. d6 Rg8 39. d7 Bf6 0-1

[Event "UK-ch Blitz"]
[Site "Leamington Spa"]
[Date "2022.12.03"]
[Round "11"]
[White "Stubbs, Oliver"]
[Black "Beardsworth, Allan W"]
[Result "1/2-1/2"]
[WhiteElo "2031"]
[BlackElo "2160"]
[PlyCount "88"]
[EventDate "2022.12.03"]
[EventType "tourn (blitz)"]
[EventRounds "15"]
[EventCountry "ENG"]
[SourceTitle "CBM 211 Extra"]
[Source "ChessBase"]
[SourceDate "2023.01.31"]
[SourceVersion "1"]
[SourceVersionDate "2023.01.31"]
[SourceQuality "1"]

1. d4 e6 2. Nf3 d5 3. Bf4 Bd6 4. e3 Bxf4 5. exf4 c5 6. c3 Qc7 7. g3 Nf6 8. Nbd2 cxd4 9. Nxd4 Nc6 10. N2f3 0-0 11. Bd3 Nxd4 12. Nxd4 e5 13. fxe5 Qxe5+ 14. Qe2 Qd6 15. 0-0-0 Re8 16. Qc2 Bd7 17. f3 g6 18. Kb1 Rab8 19. g4 Qf4 20. h4 Kg7 21. h5 b5 22. hxg6 fxg6 23. Rde1 a6 24. a3 Re3 25. Rxe3 Qxe3 26. Rd1 Re8 27. Qd2 Qxd2 28. Rxd2 h6 29. Kc2 Re5 30. Rg2 Re3 31. Kd2 Re8 32. Nb3 g5 33. Nc5 Bc8 34. a4 bxa4 35. Bxa6 Bxa6 36. Nxa6 Ra8 37. Nc7 Ra7 38. Ne6+ Kf7 39. Nd4 a3 40. bxa3 Rxa3 41. Kd3 Kg6 42. Rb2 Ra6 43. Rb5 h5 44. gxh5+ Kxh5 1/2-1/2

[Event "Calvia Amateur op 19th"]
[Site "Calvia"]
[Date "2022.10.13"]
[Round "6"]
[White "Thakoerdien, Jerrel"]
[Black "Stubbs, Oliver"]
[Result "1-0"]
[WhiteElo "2135"]
[BlackElo "1984"]
[PlyCount "125"]
[EventDate "2022.10.08"]
[EventType "swiss"]
[EventRounds "9"]
[EventCountry "ESP"]
[SourceTitle "CBM 210 Extra"]
[Source "ChessBase"]
[SourceDate "2022.11.30"]
[SourceVersion "1"]
[SourceVersionDate "2022.11.30"]
[SourceQuality "1"]

1. d4 Nf6 2. c4 g6 3. Nc3 Bg7 4. e4 d6 5. Be2 0-0 6. Be3 e5 7. d5 Na6 8. h4 h5 9. f3 c6 10. Nh3 Bd7 11. Qd2 cxd5 12. cxd5 Nc5 13. Nf2 Qa5 14. 0-0 Rfc8 15. Nd3 Na4 16. b4 Qd8 17. Rfc1 Nxc3 18. Rxc3 Rxc3 19. Qxc3 Nh7 20. a4 a6 21. Nb2 Rc8 22. Qe1 b5 23. Nd1 f5 24. Nc3 Nf6 25. axb5 axb5 26. Ra6 fxe4 27. fxe4 Qc7 28. Nxb5 Bxb5 29. Bxb5 Nxe4 30. Bc6 Qf7 31. Ra7 Rc7 32. Be8 Qe7 33. Rxc7 Qxc7 34. Bxg6 Nf6 35. Bf5 Qc4 36. Be6+ Kh7 37. Bg5 e4 38. Qf2 Ng4 39. Bxg4 hxg4 40. Qf5+ Kh8 41. Bf6 Bxf6 42. Qxf6+ Kg8 43. Qe6+ Kh8 44. Qf6+ Kg8 45. h5 g3 46. Qg6+ Kh8 47. Qxg3 Qd4+ 48. Kh2 Qxd5 49. Qe3 Qe5+ 50. Qg3 Qd5 51. Kh3 Qe6+ 52. Qg4 Qe5 53. h6 d5 54. Qg7+ Qxg7 55. hxg7+ Kxg7 56. b5 d4 57. Kg3 Kf6 58. b6 d3 59. Kf2 Ke5 60. b7 Kd4 61. b8Q e3+ 62. Ke1 Kc3 63. Qe5+ 1-0

[Event "Calvia Amateur op 19th"]
[Site "Calvia"]
[Date "2022.10.11"]
[Round "4"]
[White "Tscharotschkin, Michael"]
[Black "Stubbs, Oliver"]
[Result "1/2-1/2"]
[WhiteElo "2123"]
[BlackElo "1984"]
[PlyCount "70"]
[EventDate "2022.10.08"]
[EventType "swiss"]
[EventRounds "9"]
[EventCountry "ESP"]
[SourceTitle "CBM 210 Extra"]
[Source "ChessBase"]
[SourceDate "2022.11.30"]
[SourceVersion "1"]
[SourceVersionDate "2022.11.30"]
[SourceQuality "1"]

1. e4 e6 2. b3 d5 3. Bb2 Nc6 4. Nc3 d4 5. Nce2 e5 6. a3 Bd6 7. Ng3 Nge7 8. Bd3 Be6 9. N1e2 0-0 10. 0-0 f6 11. Nf5 Qd7 12. f4 exf4 13. Nxf4 Bxf4 14. Rxf4 Ng6 15. Rf1 Nge5 16. Bb5 a6 17. Bxc6 Nxc6 18. d3 g6 19. Ng3 Ne5 20. Bc1 c5 21. Bf4 b5 22. Qd2 c4 23. dxc4 bxc4 24. Bxe5 fxe5 25. Rxf8+ Rxf8 26. bxc4 Bxc4 27. Qg5 d3 28. c3 d2 29. Rd1 Rd8 30. Nf5 Be2 31. Nh6+ Kg7 32. Nf5+ Kg8 33. Nh6+ Kg7 34. Nf5+ Kg8 35. Nh6+ Kg7 1/2-1/2

[Event "Daventry 4NCL Easter op-A 2nd"]
[Site "Daventry"]
[Date "2022.04.18"]
[Round "7"]
[White "Dignam, Matthew"]
[Black "Stubbs, Oliver"]
[Result "1/2-1/2"]
[WhiteElo "2134"]
[BlackElo "1933"]
[PlyCount "124"]
[EventDate "2022.04.15"]
[EventType "swiss"]
[EventRounds "7"]
[EventCountry "ENG"]
[SourceTitle "CBM 207 Extra"]
[Source "ChessBase"]
[SourceDate "2022.05.31"]
[SourceVersion "1"]
[SourceVersionDate "2022.05.31"]
[SourceQuality "1"]

1. d4 Nf6 2. Nc3 d5 3. Bg5 Nbd7 4. Nf3 g6 5. Qd3 Bg7 6. e4 dxe4 7. Nxe4 0-0 8. h4 h5 9. Be2 c5 10. 0-0-0 Qa5 11. Kb1 cxd4 12. Nxd4 Ne5 13. Nxf6+ exf6 14. Qd2 Qxd2 15. Bxd2 Bd7 16. f3 Rfd8 17. Bc3 f5 18. Nb5 Nc6 19. Bd2 Be5 20. Bg5 f6 21. Be3 f4 22. Bc5 Be6 23. Bd6 Bf7 24. Bxe5 Nxe5 25. Nd6 Rd7 26. Nxf7 Rxd1+ 27. Rxd1 Kxf7 28. c3 Ke6 29. Rd4 g5 30. Bd1 Rf8 31. Bb3+ Ke7 32. hxg5 fxg5 33. Rd5 Kf6 34. Rd6+ Kg7 35. Bd5 b6 36. Re6 Ng6 37. Kc2 Nh4 38. Re7+ Kf6 39. Re6+ Kf5 40. Rh6 Nxg2 41. Be4+ Ke5 42. Rxh5 Rg8 43. Kd3 Ne3 44. Ke2 Rg7 45. b3 Nf5 46. Bxf5 Kxf5 47. Rh8 Re7+ 48. Kf2 Rc7 49. c4 b5 50. Rf8+ Ke5 51. Re8+ Kd4 52. cxb5 Rb7 53. a4 Kc3 54. Re5 Kxb3 55. Re4 Rc7 56. Kg2 Rc2+ 57. Kh3 Ra2 58. Kg4 Rxa4 59. Re5 Kc3 60. Rxg5 Kd3 61. Rf5 Ke3 62. Re5+ Kd3 1/2-1/2

[Event "Daventry 4NCL Easter op-A 2nd"]
[Site "Daventry"]
[Date "2022.04.16"]
[Round "2"]
[White "Stubbs, Oliver"]
[Black "Shenbagakumar, Gautham"]
[Result "1-0"]
[WhiteElo "1933"]
[BlackElo "1678"]
[PlyCount "51"]
[EventDate "2022.04.15"]
[EventType "swiss"]
[EventRounds "7"]
[EventCountry "ENG"]
[SourceTitle "CBM 207 Extra"]
[Source "ChessBase"]
[SourceDate "2022.05.31"]
[SourceVersion "1"]
[SourceVersionDate "2022.05.31"]
[SourceQuality "1"]

1. d4 Nf6 2. Nf3 d5 3. Bf4 c5 4. e3 e6 5. Nbd2 Nc6 6. c3 Bd6 7. Bg3 0-0 8. Bd3 b6 9. Qe2 Bb7 10. Rd1 Re8 11. e4 Be7 12. e5 Nh5 13. h4 g6 14. Bh2 Ng7 15. g4 h5 16. gxh5 Nxh5 17. Rg1 Ng7 18. Qe3 Nf5 19. Qf4 Qd7 20. h5 Kg7 21. hxg6 fxg6 22. Qg4 Rh8 23. Qxg6+ Kf8 24. Bxf5 exf5 25. e6 Qc8 26. Qf7# 1-0

[Event "British OTB-ch"]
[Site "Hull"]
[Date "2021.10.09"]
[Round "8"]
[White "Stubbs, Oliver"]
[Black "Khoury, Theo"]
[Result "0-1"]
[WhiteElo "1925"]
[BlackElo "1814"]
[PlyCount "84"]
[EventDate "2021.10.02"]
[EventType "swiss"]
[EventRounds "9"]
[EventCountry "ENG"]
[SourceTitle "EXT 2022"]
[Source "ChessBase"]
[SourceDate "2021.10.06"]
[SourceVersion "1"]
[SourceVersionDate "2021.10.06"]
[SourceQuality "1"]

1. d4 Nf6 2. Nf3 e6 3. Bf4 c5 4. e3 d5 5. c3 Nc6 6. Nbd2 cxd4 7. exd4 Nh5 8. Be3 Bd6 9. Ne5 Nf6 10. f4 Qb6 11. Qb3 Ng8 12. Qxb6 axb6 13. Bb5 Nge7 14. 0-0 f6 15. Nd3 0-0 16. a4 Na7 17. b3 Nxb5 18. axb5 Bd7 19. c4 Rfc8 20. Rfc1 Kf7 21. g3 h5 22. Bf2 g6 23. Kf1 Nf5 24. Ke2 Ke7 25. Nb2 Ba3 26. Ra2 Bxb2 27. Rxb2 Bxb5 28. Kd1 Bc6 29. c5 Bb5 30. b4 Ra3 31. Nb1 Rd3+ 32. Rd2 Rb3 33. Nc3 Rxb4 34. cxb6 Rbc4 35. Rdc2 Nxd4 36. Bxd4 Rxd4+ 37. Ke1 Rdc4 38. Kd2 Ba6 39. Re1 Kd6 40. h3 Rd4+ 41. Kc1 Rc6 42. Re3 Bd3 0-1

[Event "British OTB-ch"]
[Site "Hull"]
[Date "2021.10.07"]
[Round "6"]
[White "Stubbs, Oliver"]
[Black "Gordon, Frederick"]
[Result "1-0"]
[WhiteElo "1925"]
[BlackElo "1523"]
[PlyCount "96"]
[EventDate "2021.10.02"]
[EventType "swiss"]
[EventRounds "9"]
[EventCountry "ENG"]
[SourceTitle "EXT 2022"]
[Source "ChessBase"]
[SourceDate "2021.10.06"]
[SourceVersion "1"]
[SourceVersionDate "2021.10.06"]
[SourceQuality "1"]

1. d4 d5 2. Bf4 Nf6 3. e3 e6 4. Nf3 Bd6 5. Bg3 0-0 6. Nbd2 b6 7. Bd3 Ba6 8. Bxa6 Nxa6 9. c3 c5 10. Qe2 Nb8 11. Bh4 Nbd7 12. 0-0 Qc7 13. dxc5 Bxc5 14. e4 dxe4 15. Nxe4 Nd5 16. Rad1 Be7 17. Bxe7 Nxe7 18. Rd2 Rfd8 19. Rfd1 a6 20. Neg5 Nf8 21. Rxd8 Rxd8 22. Rxd8 Qxd8 23. Qxa6 Qd1+ 24. Qf1 Qc2 25. Qa1 Nf5 26. Ne1 Qe2 27. Qc1 e5 28. Ngf3 f6 29. Qd2 Qc4 30. b3 Qc6 31. Nc2 Ne6 32. Ne3 Nxe3 33. Qxe3 b5 34. h4 Nf4 35. g3 Nd5 36. Qe4 Qc5 37. c4 Nc3 38. Qa8+ Kf7 39. Qb7+ Kf8 40. Qa8+ Kf7 41. cxb5 Nd1 42. Ng5+ fxg5 43. Qf3+ Kg6 44. h5+ Kh6 45. Qc6+ Qxc6 46. bxc6 Nc3 47. c7 Nxa2 48. c8Q Kxh5 1-0

[Event "British OTB-ch"]
[Site "Hull"]
[Date "2021.10.05"]
[Round "4"]
[White "Stubbs, Oliver"]
[Black "Webb, Laurence"]
[Result "0-1"]
[WhiteElo "1925"]
[BlackElo "2184"]
[PlyCount "102"]
[EventDate "2021.10.02"]
[EventType "swiss"]
[EventRounds "9"]
[EventCountry "ENG"]
[SourceTitle "EXT 2022"]
[Source "ChessBase"]
[SourceDate "2021.10.06"]
[SourceVersion "1"]
[SourceVersionDate "2021.10.06"]
[SourceQuality "1"]

1. d4 Nf6 2. Nf3 c5 3. d5 g6 4. Nc3 Bg7 5. e4 0-0 6. e5 Ng4 7. Qe2 d6 8. Bf4 Nd7 9. e6 Nde5 10. Nxe5 Nxe5 11. exf7+ Rxf7 12. Bg3 Qa5 13. Qd2 Qb4 14. Rb1 Nc4 15. Bxc4 Qxc4 16. Qd3 Qxd3 17. cxd3 b6 18. 0-0 Bb7 19. Rfe1 Bxc3 20. bxc3 Bxd5 21. a3 e5 22. d4 exd4 23. cxd4 Rd7 24. dxc5 dxc5 25. h4 Kf7 26. h5 Bc6 27. Re3 Re8 28. Rbe1 Rxe3 29. Rxe3 gxh5 30. Re5 Rd3 31. Rxh5 Be4 32. Rh4 Bg6 33. Ra4 a5 34. Bc7 Rb3 35. g4 Ke6 36. Rf4 Kd7 37. Be5 Rxa3 38. Rf6 b5 39. Rd6+ Ke7 40. Rb6 b4 41. Bd6+ Kd7 42. Bxc5 Rc3 43. Bf8 Rc4 44. Rb5 Rxg4+ 45. Kh2 Rh4+ 46. Kg3 Rh5 47. Rb8 Kc7 48. Ra8 Rg5+ 49. Kf4 Rf5+ 50. Ke3 Rxf8 51. Rxf8 b3 0-1

[Event "British OTB-ch"]
[Site "Hull"]
[Date "2021.10.04"]
[Round "3"]
[White "Stubbs, Oliver"]
[Black "Mehrafarin, Amirabbas"]
[Result "1-0"]
[WhiteElo "1925"]
[BlackElo "1734"]
[PlyCount "123"]
[EventDate "2021.10.02"]
[EventType "swiss"]
[EventRounds "9"]
[EventCountry "ENG"]
[SourceTitle "EXT 2022"]
[Source "ChessBase"]
[SourceDate "2021.10.06"]
[SourceVersion "1"]
[SourceVersionDate "2021.10.06"]
[SourceQuality "1"]

1. d4 Nf6 2. Nf3 e6 3. Bf4 d5 4. e3 Bd6 5. Bg3 b6 6. Nbd2 0-0 7. Bd3 Ba6 8. Bxa6 Nxa6 9. c3 c5 10. Qe2 Nc7 11. Bh4 Be7 12. dxc5 bxc5 13. c4 Ne4 14. Nxe4 dxe4 15. Bxe7 Qxe7 16. Nd2 f5 17. Nb3 Na6 18. 0-0 Nb4 19. f3 exf3 20. Rxf3 Nc6 21. e4 Rad8 22. exf5 e5 23. Re1 Rfe8 24. Qe4 Nd4 25. Rd3 Qf6 26. h3 Qa6 27. Rg3 Nxb3 28. axb3 Rd4 29. Qe3 Qf6 30. Rf3 e4 31. Rf4 Qe5 32. Ref1 Rd3 33. Qe2 Rxb3 34. f6 gxf6 35. Rxf6 Qg5 36. R6f4 Rg3 37. Kh2 h5 38. Qf2 Rf3 39. Rxf3 exf3 40. Qxf3 Qe5+ 41. Kh1 Re7 42. Qf8+ Kh7 43. Rf5 Qe2 44. Rxh5+ Qxh5 45. Qxe7+ Kh8 46. Qd8+ Kh7 47. Qc7+ Kh8 48. Qb8+ Kg7 49. Qxa7+ Kf6 50. Qb6+ Ke7 51. Qb7+ Ke8 52. Qd5 Qh6 53. Qxc5 Qc1+ 54. Qg1 Qxb2 55. Qe3+ Kd7 56. c5 Kc6 57. Kh2 Qa1 58. Qe7 Qc1 59. Qd6+ Kb7 60. c6+ Ka7 61. c7 Qb1 62. c8R 1-0

[Event "Leamington Spa 4NCL op 26th"]
[Site "Leamington Spa"]
[Date "2021.09.11"]
[Round "3"]
[White "Stubbs, Oliver"]
[Black "Li, Ethan2222"]
[Result "1-0"]
[WhiteElo "1916"]
[BlackElo "1561"]
[PlyCount "121"]
[EventDate "2021.09.10"]
[EventType "swiss"]
[EventRounds "5"]
[EventCountry "ENG"]
[SourceTitle "CBM 204 Extra"]
[Source "ChessBase"]
[SourceDate "2021.11.30"]
[SourceVersion "1"]
[SourceVersionDate "2021.11.30"]
[SourceQuality "1"]

1. d4 Nf6 2. Nf3 e6 3. Bf4 d5 4. e3 c5 5. c3 Bd6 6. Bg3 Qe7 7. dxc5 Bxg3 8. hxg3 Qxc5 9. Nbd2 Nc6 10. Bd3 h6 11. Qe2 a6 12. e4 Qe7 13. Rd1 0-0 14. e5 Nh7 15. g4 f6 16. exf6 Qxf6 17. Bxh7+ Kxh7 18. g5 Qg6 19. Kf1 e5 20. Nxe5 Qxg5 21. Ndf3 Qf5 22. Qd3 Nxe5 23. Nxe5 Be6 24. Rh4 Kg8 25. Qxf5 Rxf5 26. Nf3 Raf8 27. Rd2 Rf4 28. Rxf4 Rxf4 29. Rd4 Rxd4 30. Nxd4 Bd7 31. Ke2 g5 32. Ke3 Kf7 33. Nf3 Ke6 34. Kd4 Kd6 35. b4 g4 36. Nh4 h5 37. g3 b6 38. Ng2 Be6 39. Nf4 Bf7 40. a3 b5 41. Nd3 Be6 42. Ke3 Kc6 43. Kf4 d4 44. Ke5 Bc4 45. Kxd4 Bxd3 46. Kxd3 Kd5 47. c4+ bxc4+ 48. Kc3 Ke4 49. a4 Kf3 50. b5 axb5 51. axb5 Kxf2 52. b6 Kxg3 53. b7 Kg2 54. b8Q g3 55. Qh8 Kf1 56. Qxh5 g2 57. Qf3+ Kg1 58. Kxc4 Kh2 59. Qf2 Kh1 60. Qh4+ Kg1 61. Kd3 1-0

[Event "GBR-ch Online"]
[Site "Chess.com INT"]
[Date "2021.08.07"]
[Round "9"]
[White "Mehrafarin, Amirabbas"]
[Black "Stubbs, Oliver"]
[Result "0-1"]
[WhiteElo "1734"]
[BlackElo "1916"]
[PlyCount "122"]
[EventDate "2021.07.30"]
[EventType "swiss"]
[EventRounds "9"]
[EventCountry "ENG"]
[SourceTitle "CBM 203 Extra"]
[Source "ChessBase"]
[SourceDate "2021.09.30"]
[SourceVersion "1"]
[SourceVersionDate "2021.09.30"]
[SourceQuality "1"]

1. d4 Nf6 2. Bf4 g6 3. e3 Bg7 4. Nd2 0-0 5. Be2 d6 6. c3 Nbd7 7. h4 e5 8. Bg3 h5 9. Qb3 Qe7 10. Ngf3 b6 11. 0-0 Bb7 12. c4 e4 13. Ng5 c5 14. d5 Rab8 15. a4 a6 16. Qc2 Rfe8 17. Ra2 Nf8 18. b3 N8h7 19. Nh3 Bc8 20. Nf4 Bf5 21. Rd1 Nd7 22. a5 Bf6 23. Rb1 Bxh4 24. Bh2 Bf6 25. b4 cxb4 26. axb6 Rxb6 27. Nb3 Rc8 28. Ra5 Be5 29. Qa2 Ra8 30. Bf1 Nhf6 31. Rb5 axb5 32. Qxa8+ Rb8 33. Qa7 bxc4 34. Bxc4 Ng4 35. Nd4 Bxd4 36. Qxd4 Nxh2 37. Kxh2 Qe5 38. Qxe5 Nxe5 39. Bf1 b3 40. Ne2 Nd3 41. Kg3 b2 42. Nd4 Kg7 43. Nxf5+ gxf5 44. Bxd3 exd3 45. Kf3 Kf6 46. e4 fxe4+ 47. Ke3 Ke5 48. f3 f5 49. f4+ Kxd5 50. g4 hxg4 51. Rxb2 Rg8 52. Rb5+ Ke6 53. Rb2 g3 54. Rg2 Kd5 55. Ra2 Rg4 56. Rg2 Kc4 57. Ra2 Kb3 58. Rg2 Kc3 59. Ra2 d5 60. Ra4 g2 61. Ra3+ Kb4 0-1

[Event "GBR-ch Online"]
[Site "Chess.com INT"]
[Date "2021.08.02"]
[Round "4"]
[White "Lalic, Bogdan"]
[Black "Stubbs, Oliver"]
[Result "1-0"]
[WhiteElo "2402"]
[BlackElo "1916"]
[PlyCount "69"]
[EventDate "2021.07.30"]
[EventType "swiss"]
[EventRounds "9"]
[EventCountry "ENG"]
[SourceTitle "CBM 203 Extra"]
[Source "ChessBase"]
[SourceDate "2021.09.30"]
[SourceVersion "1"]
[SourceVersionDate "2021.09.30"]
[SourceQuality "1"]

1. d4 Nf6 2. c4 g6 3. Nc3 Bg7 4. e4 d6 5. Nf3 0-0 6. Be2 Na6 7. 0-0 e5 8. Be3 Ng4 9. Bg5 Qe8 10. Re1 exd4 11. Nd5 f6 12. Bf4 Ne5 13. Nxd4 c6 14. Ne3 Nc5 15. f3 a5 16. Kh1 a4 17. Qd2 Qe7 18. Rad1 Rd8 19. Bg3 Bd7 20. Qc2 Nf7 21. Bf1 Qf8 22. b4 axb3 23. axb3 Ra3 24. b4 Ne6 25. Nb3 Rda8 26. c5 Ra2 27. Qb1 f5 28. exf5 Rb2 29. Qd3 Ra3 30. fxe6 Bxe6 31. Bxd6 Nxd6 32. cxd6 Raxb3 33. Qe4 Rxe3 34. Qxe3 Bd7 35. Qe7 1-0

[Event "Leamington Spa 4NCL op 25th"]
[Site "Leamington Spa"]
[Date "2021.07.10"]
[Round "3"]
[White "Stubbs, Oliver"]
[Black "James, Russell A"]
[Result "1/2-1/2"]
[WhiteElo "1905"]
[BlackElo "2147"]
[PlyCount "46"]
[EventDate "2021.07.09"]
[EventType "swiss"]
[EventRounds "5"]
[EventCountry "ENG"]
[SourceTitle "CBM 203 Extra"]
[Source "ChessBase"]
[SourceDate "2021.09.30"]
[SourceVersion "1"]
[SourceVersionDate "2021.09.30"]
[SourceQuality "1"]

1. d4 Nf6 2. Nf3 g6 3. Bf4 Bg7 4. e3 d6 5. h3 0-0 6. Be2 c5 7. 0-0 Nc6 8. c3 cxd4 9. exd4 Nd5 10. Bh2 e5 11. Nbd2 Bf5 12. Nc4 Re8 13. Re1 b5 14. Ne3 Nxe3 15. fxe3 Qb6 16. Qb3 Rab8 17. Kh1 a5 18. Ng5 Rb7 19. e4 a4 20. Qd1 Bc8 21. d5 Na5 22. b4 axb3 23. axb3 Qc7 1/2-1/2